00851nam a2200289 a 4500003000900000005001700009008004100026040001300067100001900080245003000099260003800129300001600167500007500183500002300258500004900281650001400330650001000344650001300354650001300367650001300380650001500393653002800408653002000436653002800456700003500484700004200519AR-BaBNM20251128203324.0082120s2002 ||||||||||||||000 | spa|| cAR-BaBNM1 aCarrel, Alexis00aLa incógnita del hombre aBuenos AiresbJoaquín Gilc1953 axxx, 509 p. aContiene índice analítico y referencias bibliográficas en p. 421 aGlosario en p. 429 aReferencias biográficas del autor en p. ix 4aHUMANISMO 4aETICA 4aBIOLOGIA 4aMEDICINA 4aESTETICA 4aFISIOLOGIA aANTROPOLOGIA FILOSOFICA aFILOSOFIA MORAL aCONOCIMIENTO CIENTIFICO1 aRuiz Ferry, Maríaetraductor1 aGil Guiñón, Joaquínecompilador